| 000 | 00624nam a2200181Ia 4500 | ||
|---|---|---|---|
| 008 | 100920s9999 xx 000 0 und d | ||
| 082 |
_b17522 _a930 थ 66 |
||
| 100 | _aअनु. वाळिंबे वि. स. | ||
| 245 | _aसातवें सोनेरी पान. | ||
| 260 |
_bकेसरी प्रकाशन, पुणें. _c1966 |
||
| 300 |
_a147 _bसाधी |
||
| 365 | _b5 | ||
| 520 | _aइतिहास. | ||
| 630 | _aसातवें सोनेरी पान. | ||
| 650 | _aइतिहास. | ||
| 730 | _aसातवें सोनेरी पान. | ||
| 942 | _cBOOK | ||
| 999 |
_c679637 _d679634 |
||